000 00806akm a2200301a 44500
008 070223s2000-2009 cat
041 _acat
080 _a629.32
245 _aLa Bicicleta
245 _h[cartell]
260 _aAlaquàs [etc.]
260 _bAjuntament d'Alaquàs. Oficina de Promoció del Valencià [etc.]
260 _c2000-2009
300 _bil.
520 _a34
591 _a9440
592 _aObra terminològica
593 _aLE
594 _a9440
650 _abicicletes
_963873
856 _uhttps://www.dival.es/es/normalitzacio/sites/default/files/labicicleta.pdf
901 _c[<200->]
902 _a070223
942 _cMO
_n0
_2ddc
999 _c64269
_d64269